|
|
|
|
| LEADER |
00000nam0a2200000 4500 |
| 001 |
113887 |
| 005 |
20231101215146.0 |
| 010 |
|
|
|a 5852553786
|
| 035 |
|
|
|a (RuTPU)RU\TPU\book\123158
|
| 090 |
|
|
|a 113887
|
| 100 |
|
|
|a 20070417d1993 m y0rusy50 ca
|
| 101 |
0 |
|
|a rus
|
| 102 |
|
|
|a RU
|
| 105 |
|
|
|a a z 001zy
|
| 200 |
1 |
|
|a Сочинения
|e в 3 томах
|f Б. К. Зайцев
|g сост. Е. Воропаева и А. Тарков
|
| 210 |
|
|
|a Москва
|c Терра
|d 1993-
|
| 700 |
|
1 |
|a Зайцев
|b Б. К.
|c русский писатель
|f 1881-1972
|g Борис Константинович
|2 stltpush
|3 (RuTPU)RU\TPU\pers\12186
|9 3220
|
| 702 |
|
1 |
|a Воропаева
|b Е.
|4 220
|
| 702 |
|
1 |
|a Тарков
|b А.
|4 220
|
| 801 |
|
1 |
|a RU
|b 63413507
|c 20070417
|g PSBO
|
| 942 |
|
|
|c BK
|